NBA Most Valuable Player - Statistics

General Stats
  • This quiz has been taken 1,275 times
  • The average score is 50 of 62
Answer Stats
Hint Answer % Correct
2008-2009 LeBron James
99%
2009-2010 LeBron James
99%
2011-2012 LeBron James
99%
2012-2013 LeBron James
99%
1987-1988 Michael Jordan
99%
1990-1991 Michael Jordan
99%
1991-1992 Michael Jordan
99%
1995-1996 Michael Jordan
99%
1997-1998 Michael Jordan
99%
2014-2015 Stephen Curry
96%
2015-2016 Stephen Curry
96%
2007-2008 Kobe Bryant
95%
2013-2014 Kevin Durant
93%
1999-2000 Shaquille O'Neal
93%
1983-1984 Larry Bird
90%
1984-1985 Larry Bird
90%
1985-1986 Larry Bird
90%
1986-1987 Magic Johnson
90%
1988-1989 Magic Johnson
90%
1989-1990 Magic Johnson
90%
2016-2017 Russell Westbrook
89%
2001-2002 Tim Duncan
89%
2002-2003 Tim Duncan
89%
1959-1960 Wilt Chamberlain
88%
1965-1966 Wilt Chamberlain
88%
1966-1967 Wilt Chamberlain
88%
1967-1968 Wilt Chamberlain
88%
1970-1971 Kareem Abdul-Jabbar
87%
1971-1972 Kareem Abdul-Jabbar
87%
1973-1974 Kareem Abdul-Jabbar
87%
1975-1976 Kareem Abdul-Jabbar
87%
1976-1977 Kareem Abdul-Jabbar
87%
1979-1980 Kareem Abdul-Jabbar
87%
2006-2007 Dirk Nowitzki
84%
1957-1958 Bill Russell
83%
1960-1961 Bill Russell
83%
1961-1962 Bill Russell
83%
1962-1963 Bill Russell
83%
1964-1965 Bill Russell
83%
2000-2001 Allen Iverson
82%
1993-1994 Hakeem Olajuwon
82%
2004-2005 Steve Nash
82%
2005-2006 Steve Nash
82%
2010-2011 Derrick Rose
81%
1996-1997 Karl Malone
79%
1998-1999 Karl Malone
79%
1978-1979 Moses Malone
78%
1981-1982 Moses Malone
78%
1982-1983 Moses Malone
78%
2003-2004 Kevin Garnett
72%
1992-1993 Charles Barkley
70%
1994-1995 David Robinson
67%
1955-1956 Bob Pettit
62%
1958-1959 Bob Pettit
62%
1980-1981 Julius Erving
61%
1956-1957 Bob Cousy
60%
1963-1964 Oscar Robertson
57%
1977-1978 Bill Walton
40%
1974-1975 Bob McAdoo
37%
1968-1969 Wes Unseld
37%
1969-1970 Willis Reed
36%
1972-1973 Dave Cowens
29%
No matching quizzes found
Score Distribution
Percent of People with Each Score
Percentile by Number Answered
Your Score History
You have not taken this quiz